| 000 | 00469nam a2200145Ia 4500 | ||
|---|---|---|---|
| 008 | 170221s9999 xx 000 0 und d | ||
| 100 | _aYerkebulan Zhumashov | ||
| 245 | _aRural Local Government System in Kazakhstan: Recent Issues | ||
| 245 | _cYerkebulan Zhumashov | ||
| 260 | _bInternational Review of Management and Marketing | ||
| 260 | _c2016 | ||
| 300 | _a15 : 5 | ||
| 650 | _xMarketing. | ||
| 856 | _uhttp://www.econjournals.com/index.php/irmm/issue/view/83 | ||
| 999 |
_c312252 _d312252 |
||